02358cam a22005174i 4500003000900000005001700009008004100026020001500067020001800082035002000100040003300120049000900153082002200162245013100184264003300315300004300348336002100391337002500412338002300437490004700460504004800507504003300555505059200588526001001180526001001190526001001200526001001210526000801220526000801228526000801236526000801244526000801252526000801260526000801268650002501276650002701301700003201328700003201360910002801392942001401420994001401434596000601448999016001454980005501614952017101669PE-LiUPU20250731173115.0190319s2018 xxu0 rb 001 0 eng d a1628372079 a9781628372076 a(Sirsi) a251976 aPE-LiUPUbspacPE-LiUPUerda aPRUA04a203.20935bP422300aPerchance to dream :bdream divination in the Bible and the ancient Near East /ceditor Esther J. Hamori and Jonathan Stökl. 1aAtlanta :bSBL Press,c2018. axi, 220 páginas ;c23 centímetros. atext2rdacontent aunmediated2rdamedia avolume2rdacarrier0 aAncient Near East monographs ; vnumber 21 aBibliografía al final de cada capítulo. aÍndice: páginas 207-220.0 aHorn and Ivory: Dreams as Portents in Ancient Mesopotamia and Beyond -- Portent Dreams in Hittite Anatolia -- When Even the Gods Do Not Know: El's Dream Divination in KTU 1.6 iii -- Maleness, Memory, and the Matter of Dream Divination in the Hebrew Bible -- Dreams in the Joseph Narrative -- Samuel's Theophany and the Politics of Religious Dreams -- Daniel and the "Prophetization" of Dream Divination -- Agency, Authority, and Scribal Innovation in Dream Narratives of the Aramaic Dead Sea Scrolls -- "All the Dreams Follow the Mouth": Dreamers and Interpreters in Rabbinic Literature. aSEG42 aSEG41 aSEG40 aSEG39 aP94 aP87 aP86 aP85 aP77 aP76 aP35 aAdivinación.94350 aSueños en la biblia.1 aHamori, Esther J.,eeditor.1 aStökl, Jonathan,eeditor. adbmbkslcksld20190319 2ddccBOOK aC0bPEPRU a1 a203.20935 P4wDEWEYc31236i80047f2021-11-9g3lCCODEBUL1mBULp34.95r0sYtBOOKu2019-3-19xTEOLOGIAPP350COMPRAo.STAFF. Colección Teologíad31236 81gALBERTO SANCHEZ Responsable de Automatización r2025-12-02 00:00:00i4l0o203.20935 P4p80047te1v39.95w2019-03-19xFTyBKzinventario-2023-12-13102ddc50708GENfP35aBULbBULcGENd2019-03-19eCOMPRAg34.95